Mo Vía của người Mường

Nội dung sách giới thiệu quan niệm về Vía và Mo Vía của người Mường. Nội dung chính của Mo Vía Mạnh.

保存先:
書誌詳細
フォーマット: 図書
言語:Undetermined
出版事項: Hà Nội Hôi nhà văn 2016
主題:
タグ: タグ追加
タグなし, このレコードへの初めてのタグを付けませんか!
Thư viện lưu trữ: Trung tâm Học liệu Trường Đại học Cần Thơ
LEADER 00749nam a2200181Ia 4500
001 CTU_225862
008 210402s9999 xx 000 0 und d
082 |a 393.9309597 
082 |b M400 
245 0 |a Mo Vía của người Mường 
245 0 |c Bùi Văn Nợi (tìm hiểu, giới thiệu) 
260 |a Hà Nội 
260 |b Hôi nhà văn 
260 |c 2016 
520 |a Nội dung sách giới thiệu quan niệm về Vía và Mo Vía của người Mường. Nội dung chính của Mo Vía Mạnh. 
650 |a Nghi thức tang lễ và nghi lễ Việt Nam,Funeral rites and ceremonies Vietnam 
910 |b dqhieu 
980 |a Trung tâm Học liệu Trường Đại học Cần Thơ